The Hidden River

Сохранить в:
Библиографические подробности
Главный автор: Jameson, Storm
Формат:
Язык:Undetermined
Опубликовано: New York, Estados Unidos Harper and Row 1955
Предметы:
Метки: Добавить метку
Нет меток, Требуется 1-ая метка записи!

MARC

LEADER 00000nam a2200000Ia 4500
008 170316s9999 xx 000 0 und d
040 |a cru BVZT 
090 |a 810 J-5h 
100 |a Jameson, Storm 
245 4 |a The Hidden River 
260 |a New York, Estados Unidos 
260 |b Harper and Row 
260 |c 1955 
300 |a 244 páginas 
650 |a LITERATURA ESTADOUNIDENSE 
999 |c 5798  |d 5798 
942 |c 15 D  |h 810 J-5h  |2 z